<?xml version="1.0" encoding="UTF-8"?>
<record
    xmlns:xsi="http://www.w3.org/2001/XMLSchema-instance"
    xsi:schemaLocation="http://www.loc.gov/MARC21/slim http://www.loc.gov/standards/marcxml/schema/MARC21slim.xsd"
    xmlns="http://www.loc.gov/MARC21/slim">

  <leader>02135nam a22003257a 4500</leader>
  <datafield tag="999" ind1=" " ind2=" ">
    <subfield code="c">964</subfield>
    <subfield code="d">964</subfield>
  </datafield>
  <controlfield tag="003">AR-CdUCM</controlfield>
  <controlfield tag="008">190226b           ||||| |||| 00| 0 spa d</controlfield>
  <datafield tag="020" ind1=" " ind2=" ">
    <subfield code="a">9972719073</subfield>
  </datafield>
  <datafield tag="040" ind1=" " ind2=" ">
    <subfield code="a">MUNICIPALIDAD PROVINCIAL DEL CUSCO</subfield>
    <subfield code="c">BIBLIOTECA MUNICIPAL DEL CUSCO</subfield>
  </datafield>
  <datafield tag="082" ind1=" " ind2=" ">
    <subfield code="a">353.985 /</subfield>
    <subfield code="b">SU94</subfield>
  </datafield>
  <datafield tag="110" ind1=" " ind2=" ">
    <subfield code="a">Superintendencia de Banca, Seguros y AFP.</subfield>
    <subfield code="9">3748</subfield>
  </datafield>
  <datafield tag="245" ind1=" " ind2=" ">
    <subfield code="a">Historia de la supervisi&#xF3;n y regulaci&#xF3;n financiera en el Per&#xFA; /</subfield>
  </datafield>
  <datafield tag="260" ind1=" " ind2=" ">
    <subfield code="a">Lima : </subfield>
    <subfield code="b">Superintendencia de Banca, Seguros y AFP; </subfield>
    <subfield code="b">Biblos, </subfield>
    <subfield code="c">2006.</subfield>
  </datafield>
  <datafield tag="300" ind1=" " ind2=" ">
    <subfield code="a">227 p&#xE1;ginas ;</subfield>
    <subfield code="c">31 cm.</subfield>
  </datafield>
  <datafield tag="505" ind1=" " ind2=" ">
    <subfield code="a">Contenido: Antecedentes de la regulaci&#xF3;n y supervisi&#xF3;n financiera en el Per&#xFA;: la experiencia de la banca no supervisada: 1600-1930 -- La creaci&#xF3;n de la superintendencia de bancos y el nacimiento de la banca comercial: 1930-1948 -- Liberalizaci&#xF3;n del sistema financiero: 1948 - 1968 -- Intervenci&#xF3;n estatal y represi&#xF3;n financiera: 1968-1978 -- La reversi&#xF3;n parcial de las reformas del gobierno militar y el contexto de elevada inflaci&#xF3;n: 1979-1990 -- Globalizaci&#xF3;n de mercados financieros y reformas estructurales: 1990-1997 -- Fortalecimiento de los mecanismos de resoluci&#xF3;n bancaria en un contexto de shocks econ&#xF3;micos e inestabilidad pol&#xED;tica: 1998-2001 -- Modernizaci&#xF3;n de la regulaci&#xF3;n y supervisi&#xF3;n: 2002.2005. </subfield>
  </datafield>
  <datafield tag="650" ind1=" " ind2=" ">
    <subfield code="a">Superintendencia de Banca, Seguros y AFP (Per&#xFA;) - Historia.</subfield>
    <subfield code="9">3749</subfield>
  </datafield>
  <datafield tag="650" ind1=" " ind2=" ">
    <subfield code="a">Administraci&#xF3;n financiera - Per&#xFA; -Historia.</subfield>
    <subfield code="9">3750</subfield>
  </datafield>
  <datafield tag="650" ind1=" " ind2=" ">
    <subfield code="a">Finanzas p&#xFA;blicas - Per&#xFA; - Historia.</subfield>
    <subfield code="9">3751</subfield>
  </datafield>
  <datafield tag="650" ind1=" " ind2=" ">
    <subfield code="a">Administraci&#xF3;n- Per&#xFA;- Historia</subfield>
    <subfield code="9">3752</subfield>
  </datafield>
  <datafield tag="650" ind1=" " ind2=" ">
    <subfield code="a">Estados financieros - Estad&#xED;sticas</subfield>
    <subfield code="9">3753</subfield>
  </datafield>
  <datafield tag="650" ind1=" " ind2=" ">
    <subfield code="a">Presupuesto - Per&#xFA; - Historia</subfield>
    <subfield code="9">3754</subfield>
  </datafield>
  <datafield tag="700" ind1=" " ind2=" ">
    <subfield code="a">Zapata, Antonio</subfield>
    <subfield code="9">2262</subfield>
  </datafield>
  <datafield tag="700" ind1=" " ind2=" ">
    <subfield code="a">Poggi, Javier</subfield>
    <subfield code="9">3755</subfield>
  </datafield>
  <datafield tag="700" ind1=" " ind2=" ">
    <subfield code="a">Canta, Michel</subfield>
    <subfield code="9">3756</subfield>
  </datafield>
  <datafield tag="700" ind1=" " ind2=" ">
    <subfield code="a">Arrieta, Alejandro</subfield>
    <subfield code="9">3757</subfield>
  </datafield>
  <datafield tag="700" ind1=" " ind2=" ">
    <subfield code="a">Tello, Mar&#xED;a del Pilar</subfield>
    <subfield code="9">3758</subfield>
  </datafield>
  <datafield tag="942" ind1=" " ind2=" ">
    <subfield code="2">ddc</subfield>
    <subfield code="c">LIBROS</subfield>
  </datafield>
  <datafield tag="945" ind1=" " ind2=" ">
    <subfield code="a">lccs</subfield>
    <subfield code="d">2019-02-26</subfield>
  </datafield>
  <datafield tag="952" ind1=" " ind2=" ">
    <subfield code="0">0</subfield>
    <subfield code="2">ddc</subfield>
    <subfield code="4">0</subfield>
    <subfield code="7">0</subfield>
    <subfield code="a">SH</subfield>
    <subfield code="b">SH</subfield>
    <subfield code="c">CART</subfield>
    <subfield code="d">2019-02-26</subfield>
    <subfield code="g">100.00</subfield>
    <subfield code="o">353.985 / SU94</subfield>
    <subfield code="p">SH0000001107</subfield>
    <subfield code="r">2019-02-26</subfield>
    <subfield code="y">LIBROS</subfield>
  </datafield>
</record>
